000 01425nam a22002417a 4500
005 20130523125735.0
010 _aENG-107254
020 _a9781259064814
_c350.00
020 _a1259064816
_c350.00
035 _aEN-90787
037 _bDBAD/PUB
082 _a658.15
100 _aBlank, Leland
245 _aBasics of engineering economy /
_cby Leland Blank,P.E. [and] Anthony Tarquin,P.E.
260 _aNew Delhi
_bTata McGraw Hill
_c2013
270 _aP-24, Green Park Park, Extention
_bNew Delhi
_e110095
300 _axi, 420p.:
_bill.
_c24cm(pbk)
500 _aIncludes index
505 _a Foundations of Engineering Economy -- Factors : How Time and Interest Affect Money -- Nominal and Effective Interest Rates -- Present Worth Analysis -- Annual Worth Analysis -- Rate of Return Analysis -- Benefit/Cost Analysis and Public Sector Projects -- Breakeven, Sensitivity, and Payback Analysis -- Replacement and Retention Decisions -- Effects of Inflation -- Estimating Costs -- Depreciation Methods -- After-Tax Economic Analysis -- Alternative Evaluation Considering Multiple Attributes and Risk -- Appendix A: Using Spreadsheets and Microsoft Excel© -- Appendix B: Accounting : Reports and Business Ratios -- Appendix C: Final Answers to Selected Problems -- Interest Factor Tables.
650 _aEngineering economy.
700 _aTarquin, Anthony,P.E.
942 _2ddc
_cEN
_h658.15
_mBLA
999 _c75896
_d75896